Cynthia's Pokemon - Statistics

General Stats
  • This quiz has been taken 7 times
  • The average score is 6 of 11
Answer Stats
Hint Answer % Correct
Sinnoh Garchomp
100%
Sinnoh Spiritomb
86%
Sinnoh Togekiss
86%
Sinnoh Lucario
71%
Sinnoh Milotic
71%
Sinnoh Roserade
71%
Sinnoh Gastrodon
57%
Sinnoh Porygon-Z
29%
Unova Braviary
14%
Unova Eelektross
14%
Unova Glaceon
14%
No matching quizzes found
Score Distribution
Percent of People with Each Score
Percentile by Number Answered
Your Score History
You have not taken this quiz